00222 a2200097 4500001000700000040003500007100002200042240002800064245002300092362000900115155808 cEscola São Tomás de Aquino aWHEATLEY, Abigail10aA vida no passado lpor10aA vida no passado 0 a2015